000 02389nam a22004577a 4500
005 20130501153243.0
008 130501b xxu||||| |||| 00| 0 eng d
022 0 _a0254-8399
_220
025 _aI-C-E-99
035 _a(OCoLC)ocm02675526
037 _bIndia Today (English), Post Box 115, New Delhi 110001
082 0 4 _a050
210 1 _aIndia today
_b(English)
222 0 _aIndia today
_b(English)
245 0 0 _aIndia today.
260 _a[New Delhi,
_bThomson Living Media India Ltd.]
300 _av.
_bill.
_c27 cm.
310 _aWeekly,
_bJune 1997-
321 _aSemimonthly,
_b1975-May 1997
362 0 _aDec. 15, 1975-
500 _aIndia today home circulated free in Delhi and NCR and India today aspire circulated free in Mumbai, Delhi & NCR, Chennai, Bangalore, and Kolkata.
525 _aSeparately paged supplement to India today issue accompanies every monthly under the title of: India today aspire and India today home.
525 _aSeparately paged supplement accompanies some issues under the title of: India today spice.
590 _aSERBIB/SERLOC merged record
651 0 _aIndia
_vPeriodicals.
740 0 2 _aIndia today aspire.
740 0 2 _aIndia today home.
740 0 2 _aIndia today spice.
770 0 _tIndia today spice
_w(DLC) 2006310900
_w(OCoLC)64164697
775 0 _tIndia today. Hindi
_w(DLC)sn 90016429
_w(OCoLC)17631024
775 0 _tIndia today (North American ed.)
_x0709-6178
_gJan. 1979-<Aug. 1/15, 1980>
_w(DLC)cn 79039078
_w(OCoLC)4750736
775 0 _tIndia today (International ed.)
_x0254-8399
_g<Aug. 15, 1982>-May 15, 1992
_w(DLC)sc 84007949
_w(OCoLC)8800679
775 0 _tIndia today (North American special ed.)
_gMay 31, 1992-June 9, 1997
_w(DLC)sn 92018647
_w(OCoLC)27003242
775 0 _tIndia today international
_x1544-6689
_gJune 16, 1997-
_w(DLC) 2002252067
_w(OCoLC)48896378
776 0 8 _iOnline version:
_tIndia today
_w(OCoLC)760158574
936 _aVol. 13, no. 5 (Mar. 15, 1988)
942 _2ddc
_cSR
_s1
999 _c75076
_d75076